000 00837nas a2200253 4500
001 BR2012004480
003 BR-BrBNA
005 20231205120738.0
007 ta
008 230509b bl.|||p| |||| 00| 00por d
040 _aBR-BrBNA
_bpor
_cBiblioteca Nacional de Agricultura
041 _a(Pt)
072 _aS40
100 1 _aZandonadi, H.S.
100 1 _aMaurício, A.A.
245 1 _aAvaliação do índice de resto-ingesta, de refeições consumidas por trabalhadores da construção civil no município de Cuiabá, MT
650 _aNUTRIÇÃO HUMANA
650 _aHÁBITO ALIMENTAR
650 _aDESPERDÍCIO
650 _aPLANEJAMENTO
773 0 _tHigiene Alimentar (Brazil)
_xISSN 0101-9171
_g(Mar-Apr 2012), v. 26(206-207) p. 64-70
_wBR2012004480
909 _a202311
_bLúcia
_c55
_dLúcia Elande
942 _2AGRIS
_n0
_cANA
999 _c220089
_d220089